|
|
|
|
| LEADER |
00000cam a2200000 i 4500 |
| 001 |
1/18948 |
| 008 |
120425s1995 gre d |
| 020 |
|
|
|a 9963-8008-2-3
|
| 035 |
|
|
|l 10112253
|
| 040 |
|
|
|a GR-MY-UA
|b gre
|e aacr
|
| 041 |
0 |
|
|a gre
|
| 082 |
0 |
|
|a 889.33
|2 (22)
|
| 100 |
1 |
|
|a Σολομωνίδου, Λίνα
|d 1924-
|
| 245 |
1 |
3 |
|a Το ταξίδι :
|b μυθιστόρημα /
|c Λίνας Σολομωνίδου
|
| 250 |
|
|
|a 2η έκδοση
|
| 260 |
|
|
|a [Λεμεσός] :
|b [χ.ό.],
|c 1970
|
| 300 |
|
|
|a 192 σ.;
|c 21 εκ.
|
| 650 |
0 |
0 |
|a Cyprian literature.
|
| 650 |
0 |
0 |
|a Greek literature, Modern
|z Cyprus.
|
| 852 |
|
|
|a INST
|b RHODES
|e 20120425
|h 889.33 ΣΟΛ
|p 005400034293
|q 005400034293
|t BK
|y 0
|
| 901 |
|
|
|a BIBL4-2012-1
|
| 909 |
|
|
|a Ρ
|b 170926
|
| 922 |
|
|
|a 4ΕΛΗ
|
| 970 |
|
|
|z 2012/04/25
|